Statistics for [路線図付き] 多摩都市モノレール(多摩モノレール) 駅名穴埋めクイズ

Click here to take the quiz!

General Stats

  • This quiz has been taken 48 times
  • The average score is 15 of 19

Answers on the Map

Answers color-coded by a green-red scale on the quiz's map according to % correct below.
 

Answer Stats

Answer% Correct
多摩都市モノレールTT07高幡不動
100%
多摩都市モノレールTT12立川北
97%
多摩都市モノレールTT11立川南
97%
多摩都市モノレールTT01多摩センター
94%
多摩都市モノレールTT04中央大学・明星大学
89%
多摩都市モノレールTT05多摩動物公園
89%
多摩都市モノレールTT19上北台
86%
多摩都市モノレールTT17玉川上水
86%
多摩都市モノレールTT03大塚・帝京大学
80%
多摩都市モノレールTT10柴崎体育館
77%
多摩都市モノレールTT14立飛
74%
多摩都市モノレールTT09甲州街道
74%
多摩都市モノレールTT06程久保
74%
多摩都市モノレールTT13高松
71%
多摩都市モノレールTT02松が谷
71%
多摩都市モノレールTT18桜街道
69%
多摩都市モノレールTT08万願寺
69%
多摩都市モノレールTT15泉体育館
69%
多摩都市モノレールTT16砂川七番
66%

Score Distribution

Percentile by Number Answered

Percent of People with Each Score

Your Score History

You have not taken this quiz